| 000 | 00473cam a2200169ua 4500 | ||
|---|---|---|---|
| 041 |
_aeng _h |
||
| 082 |
_a800 _bTRA/WO |
||
| 100 | _aTrawick , Buckner B . | ||
| 245 |
_aWorld literature: Since 1300, Vol 2 / _cBuckner B Trawick. _hTextual Documents |
||
| 260 |
_aNew York : _bBarnes & Noble , _c1961. |
||
| 300 | _a371 ; . | ||
| 440 | 0 |
_aCollege outline series, _v93 _x; |
|
| 490 | 0 |
_aCollege outline series, _v93 _x; |
|
| 504 | _a | ||
| 942 | _cBK | ||
| 999 |
_c5897 _d5897 |
||